Improving the effectiveness of using fibre fillers in vulcanisates (Record no. 60906)

MARC details
000 -LEADER
fixed length control field 00389nam a2200133Ia 4500
100 ## - MAIN ENTRY--AUTHOR NAME
Personal name Nesiolovskaya T N
245 #0 - TITLE STATEMENT
Title Improving the effectiveness of using fibre fillers in vulcanisates
260 ## - PUBLICATION, DISTRIBUTION, ETC. (IMPRINT)
Name of publisher International Polymer Science and Technology
Year of publication 1998
300 ## - PHYSICAL DESCRIPTION
Number of Pages 8-May
500 ## - GENERAL NOTE
General note Source Year: 1999
856 ## - ELECTRONIC LOCATION AND ACCESS
Uniform Resource Identifier IRRDB
942 ## - ADDED ENTRY ELEMENTS (KOHA)
Koha item type Journals
Holdings
Withdrawn status Lost status Damaged status Not for loan Home library Current library Shelving location Date acquired Serial Enumeration / chronology Koha item type
      Journals RRII Library RRII Library Rubber chemistry 17/12/2021 Volume 25, Issue 9 Journals